000 00757cab a2200265 4500
001 WB3002-07
008 090401t1994 xxu||||| |||| 00| 0 eng d
035 _a(Sirsi) u47331
041 _aeng
245 _aWaste is recycled for building industry
260 _c1994
350 _a0
490 _aFinancial Times
_v14 January 1994, 15(1)
520 _aWaste from flue gas desulphurisation plants will be recycled to provide a substitute for natural gypsum.
650 _aBUILT ENVIRONMENT-BUILDING MATERIALS
650 _aDESULPHO GYPSUM
650 _aDRAX
650 _aGYPSUM
650 _aPLASTERBOARD
650 _aRECYCLING
650 _aWASTE
690 _aBUILT ENVIRONMENT-BUILDING MATERIALS
942 _n0
948 _c04/03/1997
999 _c29852
_d29852